Pantera lyrics - Statistics

General Stats
  • This quiz has been taken 247 times
  • The average score is 5 of 13
Answer Stats
Hint Answer % Correct
Re-/-spect/Walk/___ ___ ______' __ __ Are you talkin to me
71%
You cry for compensation/I ask you please ____ ____ __/5 minutes alone just give us
62%
Drag the waters some more/____ _____ ______ Like never before
60%
'Cause high noon, you're doomed/_____' ___ ___ we're the cowboys from hell Comin for you
50%
The way we were/The chance to save my soul/And my concern is ___ __ ____ now in vain
47%
It will never change/So here it stays/_______ is my name Forever
33%
I'm born again ____ ______ ____/Becoming Godsize with snakes eyes
33%
I'm broken/_______ __ ____/I'm broken Inherit my life
32%
Your trust is in whiskey and weed and _____ _______/It's Goddamn Electric Black Sabbath
29%
____ ____ _____ ___ ___ ___/Use it for what it's for/Speak the truth about me/Determined Hold your mouth for the war
24%
You keep this (love) _____/(Love) _____/(Love) ___ thing child toy
23%
When I die/I cast a shadow/___ _'__ ____/I cast a shadow And I'll rise
12%
I've got a big mouth/And there's a life to live/____ _ ______ __ _______/It's where you come from From a bottle of whiskey
7%
No matching quizzes found
Score Distribution
Percent of People with Each Score
Percentile by Number Answered
Your Score History
You have not taken this quiz